000 00449cam a22001814a 4500
005 20250605164245.0
008 250528s ||||||||||||||||||||||||d
035 _a21467
040 _aGR-AtMCL
_bgre
_dGR-AtMCL
_eAACR2
245 1 _aΤΑ ΠΡΟΒΛΗΜΑΤΑ ΤΗΣ ΦΙΛΟΣΟΦΙΑΣ
250 _a1
300 _a212
700 1 _aRussell Bertrand
_94331
942 _cBK
260 _bΑρσενιδης
999 _c6529
_d6529